000 00706nam a22001577a 4500
003 OSt
005 20190717132932.0
008 190717b xxu||||| |||| 00| 0 eng d
040 _cRUA
082 _aAGR CHA 2017 B636 Or.1
100 _913662
_aCHAN VUTHY ចាន់ វុទ្ធី
245 _acomparison of different organic mulchings on Chrysanthemum coronaruim L. at kaoh thum district kandol province ប្រៀបធៀបគម្របសរីរាង្គខុសៗគ្នាលើដំណាំតាំងឧក្នុងស្រុកកោះធំ ខេត្ត គណ្តាល
260 _aRUA
_bphnom penh
_c2017
300 _ax;34p
_bill;
_c29cm
942 _2ddc
_cAGR
999 _c17996
_d17996